01027nam a22002417a 45000010005000000030009000050050017000140080041000310200013000720400028000850820024001132450124001372500025002612600038002863000028003245150049003525300027004015800077004285800166005056500052006716500037007237000025007601779BD-DhUAP20200206122537.0200206s1995 mnuar 0 a0eng c a02705265 aFXGbEngcFXGdBD-DhUAP0 223 a343.73052 WES 00aWest's Federal taxation : bcorporations, partnerships, estates, and trusts /cEdited by William H. Hoffman... [et al.] a1996 annual edition. aSt. Paul : bWest Pub., cc1995.  avarious pages ;c26 cm. aIssue for 2002 called also 25th anniversary. aAlso issued on CD-ROM. aAccompanied by: Introduction to computerized tax planning with AATAXCOM. aCan be used with: West-tax preparer ... to accompany West's federal taxation, and: Introduction to computerized tax planning with the BNA income tax spreadsheet. 0aIncome taxxLaw and legislationzUnited States. 7aIncome taxxLaw and legislation. aHoffma, William H.